| Tag |
First Indicator |
Second Indicator |
Subfields |
| LEADER |
00000nam a2200000Ia 4500 |
| 001 |
in00004272221 |
| 005 |
20200810075001.0 |
| 006 |
m g d |
| 007 |
cr bn |||a|bb| |
| 008 |
850909s1695 enk o 00| | eng d |
| 035 |
|
|
|a (OCoLC)12528759
|
| 040 |
|
|
|a EAA
|c EAA
|d m/c
|d WaOLN
|
| 037 |
|
|
|a CL0037000030
|b ProQuest Information and Learning. 300 N. Zeeb Rd., Ann Arbor, MI 48106
|
| 049 |
|
|
|a UMIA
|
| 100 |
1 |
|
|a Williams, John,
|d 1636?-1709.
|
| 245 |
1 |
4 |
|a The truth of the Holy Scriptures :
|b a sermon preached at St. Martin's in the Fields, April 1, 1695 : being the fourth of the lecture for this present year, founded by the Honourable Robert Boyle, Esquire /
|c by John Williams ...
|
| 260 |
|
|
|a London :
|b Printed for Ri. Chiswell, and Tho. Cockerill ...,
|c 1695.
|
| 300 |
|
|
|a 1 online resource ([4], 32 pages)
|
| 336 |
|
|
|a text
|b txt
|2 rdacontent
|
| 337 |
|
|
|a computer
|b c
|2 rdamedia
|
| 338 |
|
|
|a online resource
|b cr
|2 rdacarrier
|
| 500 |
|
|
|a Reproduction of original in Huntington Library.
|
| 500 |
|
|
|a Errata: pages 32.
|
| 510 |
4 |
|
|a Wing
|c W2736
|
| 533 |
|
|
|a Electronic reproduction.
|b Ann Arbor, Mich. :
|c UMI,
|d 1999-
|f (Early English books online)
|n Digital version of: (Early English books, 1641-1700 ; 952:10)
|7 s1999 miun s
|
| 650 |
|
0 |
|a Revelation
|v Sermons.
|
| 650 |
|
0 |
|a Sermons, English
|y 17th century.
|
| 830 |
|
0 |
|a Early English books online.
|
| 856 |
4 |
0 |
|u http://proxy.library.tamu.edu/login?url=https://search.proquest.com/docview/2240954630
|z Connect to the full text of this electronic book
|t 0
|
| 999 |
f |
f |
|s 3bfe31ea-1dae-3c6e-9d19-0e968ba17b4a
|i 4109ea74-7549-39e5-8ef1-b44d6a760df2
|t 0
|
| 952 |
f |
f |
|a Texas A&M University
|b College Station
|c Electronic Resources
|d Available Online
|t 0
|h No information provided
|
| 998 |
f |
f |
|t 0
|l Available Online
|